[Event "Druzynowe Mistrzostwa Polski - II liga"]
[Site "Sypniewo k. Jastrowia"]
[Date "1899-12-30"]
[Round "3.101"]
[White "Soliwoda, Zygmunt"]
[Black "Grzegorski, Michal"]
[Result "0-1"]
[WhiteTitle "II+"]
[BlackTitle "I"]
[WhiteElo "1593"]
[BlackElo "1752"]

1. d4 Nf6 2. c4 e6 3. Nc3 Bb4 4. Qc2 O-O 5. Nf3 b6 6. Bg5 Bb7 7. a3 Bxc3+ 8. Qxc3
d6 9. Nd2 Nbd7 10. e4 h6 11. Bxf6 Qxf6 12. Rc1 Qg6 13. Qf3 c5 14. d5 exd5 15.
cxd5 f5 16. Qg3 Qxg3 17. hxg3 fxe4 18. Nxe4 Rae8 19. Bd3 Nf6 20. f3 Bxd5 21. Rh4
Nxe4 22. Bxe4 Bxe4 23. fxe4 d5 24. Ke2 Re5 25. Rd1 Rfe8 26. Kf3 d4 27. b4 Kh7
28. Rf4 R8e7 29. bxc5 bxc5 30. Rc1 Rc7 31. g4 c4 32. Rf5 Ree7 33. Rd5 Rf7+ 34.
Kg3 Rfd7 35. Rxd7 Rxd7 36. Rxc4 d3 37. Rc1 d2 38. Rd1 Kg6 39. Kf4 Kf6 40. e5+
Ke6 41. g3 Rd4+ 42. Ke3 Kxe5 43. Rxd2 Rxd2 44. Kxd2 Kd4 45. a4 a5 46. Ke2 Kc4
47. Ke3 Kb4 48. Ke4 Kxa4 49. Kf5 Kb5 50. Kg6 a4 51. Kxg7 a3 52. Kxh6 a2 53. g5
a1=Q 54. Kh7 Qa7+ 55. Kh6 Qf7 56. g6 Qg8 0-1

[Event "Druzynowe Mistrzostwa Polski - II liga"]
[Site "Sypniewo k. Jastrowia"]
[Date "1899-12-30"]
[Round "3.102"]
[White "Barwinska, Ewa"]
[Black "Uliasz, Katarzyna"]
[Result "1-0"]
[WhiteTitle "I++"]
[BlackTitle "I++"]
[WhiteElo "1826"]
[BlackElo "1569"]

1. e4 c5 2. Nf3 d6 3. d4 cxd4 4. Nxd4 Nf6 5. f3 g6 6. c4 Nc6 7. Nc2 Qb6 8. Nc3
Be6 9. Rb1 a6 10. Be3 Qc7 11. Qd2 Bg7 12. Be2 Rc8 13. b3 Nd7 14. O-O O-O 15. Rbc1
Qb8 16. Rfd1 Rfd8 17. Ne1 Nc5 18. Bf1 Kf8 19. Qf2 Ne5 20. h3 f5 21. b4 Ncd7 22.
Nd5 Bxd5 23. exd5 Nf6 24. Bb6 Rd7 25. f4 Nf7 26. Nf3 Ne4 27. Qe3 Re8 28. Nd4 Bxd4
29. Qxd4 e5 30. dxe6 Rxe6 31. Bd3 Qe8 32. Qb2 Ng3 33. Bf2 Ne2+ 34. Bxe2 Rxe2 35.
Rc2 Re4 36. Rd4 Re6 37. Rcd2 Kg8 38. Bh4 Rc7 39. c5 Qc6 40. Rd5 b6 41. Bf2 bxc5
42. bxc5 Rb7 43. Qa3 Rd7 44. Qg3 Rb7 45. Rxf5 Qe4 46. Rfd5 dxc5 47. Rxc5 Rb1+
48. Kh2 Re8 49. Rdc2 Nd6 50. Qg5 Rf8 51. Qd5+ Qxd5 52. Rxd5 Ne4 53. Bd4 Rxf4 54.
Rc7 Rb8 55. Rg7+ Kf8 56. Rxh7 Re8 57. Rdd7 Nf6 58. Rh8+ Ng8 59. Bg7# 1-0

[Event "Druzynowe Mistrzostwa Polski - II liga"]
[Site "Sypniewo k. Jastrowia"]
[Date "1899-12-30"]
[Round "4.1"]
[White "Stoma, Pawel"]
[Black "Kowalczyk, Pawel"]
[Result "0-1"]
[WhiteTitle "m"]
[BlackTitle "m"]
[WhiteElo "2328"]
[BlackElo "2339"]

1. e4 a6 2. d4 g6 3. g3 Bg7 4. Bg2 d6 5. Ne2 Nf6 6. O-O O-O 7. h3 Nfd7 8. a4 c5
9. d5 Qc7 10. Na3 Ra7 11. Rb1 b6 12. f4 Rd8 13. Bd2 Nf8 14. Qe1 Bd7 15. b3 Qc8
16. Nc4 Rb7 17. a5 b5 18. Nb6 Rxb6 19. axb6 Bxh3 20. Qf2 Bxg2 21. Kxg2 Nfd7 22.
Bc3 Qb7 23. Bxg7 Kxg7 24. f5 Nf6 25. Qe3 Rg8 26. fxg6 hxg6 27. Rf4 Rh8 28. Rh1
Rxh1 29. Kxh1 Nbd7 30. Rh4 Ng8 31. Qc3+ Ne5 32. Qa5 Nd7 33. Qc3+ Ne5 34. Qa5 g5
35. Rh5 Kg6 36. Rh8 Nf6 37. Nc3 b4 38. Nb5 Nxd5 39. exd5 Qxd5+ 40. Kg1 Qd1+ 41.
Kf2 Ng4+ 42. Kg2 Qe2+ 43. Kh3 Qf1+ 44. Kxg4 f5# 0-1

[Event "Druzynowe Mistrzostwa Polski - II liga"]
[Site "Sypniewo k. Jastrowia"]
[Date "1899-12-30"]
[Round "4.2"]
[White "Velicka, Petr"]
[Black "Miroslaw, Michal"]
[Result "1-0"]
[WhiteTitle "GM"]
[BlackTitle "FM"]
[WhiteElo "2393"]
[BlackElo "2269"]

1. e4 c6 2. d4 g6 3. Nc3 Bg7 4. Nf3 d6 5. a4 Nd7 6. Be2 Qc7 7. O-O Ngf6 8. a5 O-O
9. Re1 e5 10. Bf1 Rd8 11. h3 Nf8 12. d5 h6 13. Be3 c5 14. Nd2 Ne8 15. Qb1 f5 16.
f3 Bd7 17. b4 b6 18. Bb5 f4 19. Bf2 cxb4 20. Qxb4 bxa5 21. Qxa5 Rdc8 22. Bc4 Qxa5
23. Rxa5 Rxc4 24. Nxc4 Rc8 25. Na3 Rxc3 26. Rxa7 Bf6 27. Rb1 Be7 28. Rb8 Kf7 29.
Be1 Rc7 30. Raa8 Nf6 31. Ba5 Rc5 32. c4 Be8 33. Rb7 Bd7 34. Bb4 Rc8 35. Rxc8 Bxc8
36. Ra7 N8d7 37. Nb5 Ne8 38. Kh2 Kf8 39. Ra8 Bb7 40. Ra7 Bc8 41. Nc7 Nb6 42. Nxe8
Kxe8 43. c5 dxc5 44. Rxe7+ Kxe7 45. Bxc5+ Kf6 46. Bxb6 Bd7 47. Bd8+ Kf7 48. h4
Bb5 49. g3 Be2 50. Kg2 Bd1 51. Bc7 fxg3 52. Bxe5 h5 53. Bf4 Kf6 54. Kxg3 Be2 55.
Kf2 Bd1 56. Ke3 Ke7 57. Bh6 Kf6 58. f4 Bb3 59. Bg5+ Kf7 60. Kd4 Bd1 61. e5 Bb3
62. e6+ 1-0

[Event "Druzynowe Mistrzostwa Polski - II liga"]
[Site "Sypniewo k. Jastrowia"]
[Date "1899-12-30"]
[Round "4.3"]
[White "Pyda, Zbigniew"]
[Black "Szotkowski, Jakub"]
[Result "1/2-1/2"]
[WhiteTitle "FM"]
[BlackTitle "IM"]
[WhiteElo "2283"]
[BlackElo "2353"]

1. d4 Nf6 2. Nf3 d5 3. c4 c6 4. Nc3 a6 5. cxd5 cxd5 6. Bf4 Nc6 7. e3 Bg4 8. Be2
e6 9. O-O Bd6 10. Bxd6 Qxd6 11. a3 O-O 12. Nd2 Bxe2 13. Qxe2 Na5 14. Na4 Rac8
15. Nc5 e5 16. b4 exd4 17. exd4 Rfe8 18. Qd3 b6 19. Nxa6 Nc4 20. Nf3 Ne4 21. b5
Qd7 22. a4 Qd6 23. Rfe1 Re6 24. Rac1 Rce8 25. Re2 f5 26. Rce1 Rh6 27. h3 Rc8 28.
Ne5 Re6 29. Nc6 Rce8 30. Nab4 g6 31. Nc2 f4 32. Ne5 Nxe5 33. dxe5 Rxe5 34. Nd4
Nc5 35. Qd2 Rxe2 36. Rxe2 Re4 37. f3 Rxe2 38. Nxe2 Nxa4 39. Nxf4 d4 40. g3 Nc3
41. Qb2 Kg7 42. Kg2 Qe5 43. Qb4 Ne2 44. Nxe2 Qxe2+ 45. Kg1 Qe3+ 46. Kg2 d3 47.
Qc3+ Kh6 48. Qf6 Qc5 49. h4 d2 50. Qf4+ 1/2-1/2

[Event "Druzynowe Mistrzostwa Polski - II liga"]
[Site "Sypniewo k. Jastrowia"]
[Date "1899-12-30"]
[Round "4.4"]
[White "Eggink, Ryszard"]
[Black "Panas, Pawel"]
[Result "1-0"]
[WhiteTitle "m"]
[BlackTitle "k"]
[WhiteElo "2387"]
[BlackElo "2158"]

1. d4 Nf6 2. c4 g6 3. Nc3 Bg7 4. e4 d6 5. h3 O-O 6. Be3 e5 7. d5 a5 8. g4 Na6 9.
Nge2 c6 10. Ng3 cxd5 11. cxd5 Nd7 12. Qd2 Ndc5 13. Be2 Bd7 14. h4 a4 15. h5 a3
16. bxa3 Qe7 17. Rc1 Rfc8 18. hxg6 fxg6 19. Kf1 Rf8 20. Kg2 Rf7 21. Rb1 Qd8 22.
Rb2 Bf8 23. f3 Bc8 24. Rc1 Be7 25. Rbb1 Bf8 26. Nh1 Be7 27. Nf2 Kg7 28. Rh1 Kg8
29. Nd3 Nxd3 30. Bxd3 Qf8 31. Be2 Bd8 32. Na4 Nb8 33. Nb6 Bxb6 34. Rxb6 Rxa3 35.
Rc1 Ra8 36. Bh6 Qd8 37. Rxd6 Bd7 38. Rc2 Ra3 39. Qc1 Qa5 40. Rc8+ 1-0

[Event "Druzynowe Mistrzostwa Polski - II liga"]
[Site "Sypniewo k. Jastrowia"]
[Date "1899-12-30"]
[Round "4.5"]
[White "Maka, Marcin"]
[Black "Karwowski, Kacper"]
[Result "0-1"]
[WhiteTitle "k"]
[BlackTitle "CM"]
[WhiteElo "2086"]
[BlackElo "2230"]

1. e4 g6 2. d4 c5 3. dxc5 Bg7 4. Nc3 Qa5 5. Bd2 Qxc5 6. Nd5 Na6 7. Nf3 e6 8. Bc3
Kf8 9. Bxg7+ Kxg7 10. Nc3 Nc7 11. Qd2 d5 12. O-O-O Nf6 13. e5 Nd7 14. h4 h5 15.
Qf4 b5 16. Rd4 Rf8 17. Bd3 f5 18. exf6+ Rxf6 19. Qe3 Rxf3 20. gxf3 e5 21. Qg5
exd4 22. Qxg6+ Kf8 23. Qh6+ Kf7 24. Qh7+ Ke8 25. Re1+ Kd8 26. Qg8+ Qf8 27. Qg5+
Qf6 28. Qg8+ Nf8 29. Nxd5 Qh6+ 30. Kb1 Be6 31. Rxe6 Nxe6 32. Qf7 Qg7 0-1

[Event "Druzynowe Mistrzostwa Polski - II liga"]
[Site "Sypniewo k. Jastrowia"]
[Date "1899-12-30"]
[Round "4.6"]
[White "Krupa, Monika"]
[Black "Horbacz, Agata"]
[Result "1-0"]
[WhiteTitle "WGM"]
[BlackTitle "k+"]
[WhiteElo "2194"]
[BlackElo "1746"]

1. e4 e5 2. Nf3 Nf6 3. Nxe5 d6 4. Nf3 Nxe4 5. Nc3 Nxc3 6. dxc3 Nc6 7. Bf4 Be7 8.
Qd2 h6 9. O-O-O Be6 10. Kb1 Qd7 11. h3 Na5 12. Nd4 Bc4 13. Bxc4 Nxc4 14. Qe2 Nb6
15. Rhe1 Nc8 16. Qe4 g6 17. Qxb7 Nb6 18. Nc6 O-O 19. Nxe7+ Kh7 20. Nd5 Qa4 21.
Rd4 Qa5 22. Nf6+ Kg7 23. Qxc7 1-0

[Event "Druzynowe Mistrzostwa Polski - II liga"]
[Site "Sypniewo k. Jastrowia"]
[Date "1899-12-30"]
[Round "4.7"]
[White "Gumula, Daniel"]
[Black "Kempinski, Tomasz"]
[Result "1-0"]
[WhiteTitle "FM"]
[BlackTitle "FM"]
[WhiteElo "2163"]
[BlackElo "2161"]

1. d4 Nf6 2. Nc3 d5 3. Bg5 Bf5 4. f3 Nbd7 5. Nxd5 Nxd5 6. e4 h6 7. Bd2 e5 8. exf5
Qh4+ 9. g3 Qxd4 10. c3 Qb6 11. Qb3 Qxb3 12. axb3 Bd6 13. Bc4 Ne7 14. Bd3 O-O 15.
Nh3 Rfd8 16. Nf2 Bc5 17. Bc2 Bb6 18. b4 c5 19. bxc5 Nxc5 20. Ke2 Na6 21. Rhd1
Nc7 22. f6 Ned5 23. fxg7 Bxf2 24. Kxf2 Kxg7 25. Be4 Rd7 26. c4 Nb6 27. Bc3 Rxd1
28. Rxd1 Nxc4 29. b3 Nb5 30. Ba1 Na5 31. Bxe5+ Kg8 32. Rd7 Re8 33. Bf6 Nxb3 34.
Bd5 Nc5 35. Rxf7 Ne6 36. Rxb7 a6 37. f4 Kf8 38. Rh7 Nbc7 39. Bc4 1-0

[Event "Druzynowe Mistrzostwa Polski - II liga"]
[Site "Sypniewo k. Jastrowia"]
[Date "1899-12-30"]
[Round "4.8"]
[White "Rusiniak, Slawomir"]
[Black "Garbowski, Jakub"]
[Result "1/2-1/2"]
[WhiteTitle "I++"]
[BlackTitle "k"]
[WhiteElo "2110"]
[BlackElo "2142"]

1. d4 Nf6 2. Nf3 g6 3. g3 Bg7 4. Bg2 O-O 5. h4 h5 6. O-O d5 7. Bf4 c5 8. c3 Qb6
9. Qb3 Nc6 10. Nbd2 Bf5 11. Qxb6 axb6 12. e3 Ne4 13. Nxe4 Bxe4 14. Nd2 Bxg2 15.
Kxg2 e5 16. dxe5 Nxe5 17. Bxe5 Bxe5 18. Rfd1 Bg7 19. Nb3 Rfd8 20. a3 Bf8 21. Rd2
Rd6 22. Rad1 Rad8 23. Nc1 Kg7 24. Ne2 Kf6 25. f3 Bh6 26. Kf2 Ke6 27. g4 hxg4 28.
fxg4 f6 29. Kf3 b5 30. b4 b6 31. Rb2 Rc6 32. bxc5 Rxc5 33. Rdb1 Kf7 34. Rxb5 Re8
35. Rxb6 Rxe3+ 36. Kf2 Re8 37. Rb7+ Ke6 38. Nd4+ Kd6 39. R7b6+ Kd7 40. g5 fxg5
41. Rxg6 Bf8 42. Rxg5 Rxc3 43. Rxd5+ Kc8 44. Rdb5 Bd6 45. h5 Re4 46. Nf5 Rf4+
47. Ke2 Bc5 48. Rb8+ Kc7 49. Ng7 Re3+ 50. Kd1 Rf1+ 51. Kd2 Rf2+ 52. Kd1 Rh3 53.
Re8 Be3 54. Rxe3 Rxe3 55. Rc1+ Kd7 56. Rc2 Rxc2 57. Kxc2 Rxa3 58. Kd2 Rg3 59.
h6 Rh3 60. Nf5 Ke6 61. Ne3 Rxh6 62. Kd3 Rh4 63. Ng2 Ra4 64. Ne3 Kd6 65. Nc4+ Kc5
66. Ne3 Rd4+ 67. Kc3 Rd8 68. Nc2 Rh8 69. Ne3 Rh3 70. Kd3 Rh4 71. Ke2 Ra4 72. Kd3
Rf4 73. Ng2 Rd4+ 74. Ke3 Kd5 75. Nf4+ Kc4 76. Ng6 Kc3 77. Ne5 Rh4 78. Nf3 Rh3
79. Ke4 Kc4 80. Ne5+ Kc5 81. Nd3+ Kd6 82. Nf4 Ra3 83. Kd4 Ra4+ 84. Ke3 Ke5 85.
Nd3+ Kf5 86. Kd2 Rh4 87. Ke3 Rc4 88. Nb2 Rb4 89. Nd3 1/2-1/2

[Event "Druzynowe Mistrzostwa Polski - II liga"]
[Site "Sypniewo k. Jastrowia"]
[Date "1899-12-30"]
[Round "4.9"]
[White "Maciol, Ryszard"]
[Black "Bartkowiak, Damian"]
[Result "1/2-1/2"]
[WhiteTitle "k"]
[BlackTitle "k"]
[WhiteElo "2138"]
[BlackElo "2099"]

1. d4 d5 2. c4 e6 3. Nc3 Be7 4. Bf4 Nf6 5. e3 O-O 6. Bd3 c5 7. cxd5 cxd4 8. exd4
Nxd5 9. Be5 Nc6 10. Nf3 b6 11. O-O Bb7 12. Re1 h6 1/2-1/2

[Event "Druzynowe Mistrzostwa Polski - II liga"]
[Site "Sypniewo k. Jastrowia"]
[Date "1899-12-30"]
[Round "4.10"]
[White "Walkusz, Witoslaw"]
[Black "Stachanczyk, Jacek"]
[Result "1/2-1/2"]
[WhiteTitle "FM"]
[BlackTitle "IM"]
[WhiteElo "2015"]
[BlackElo "2152"]

1. e4 c5 2. b3 g6 3. Bb2 Nf6 4. e5 Nd5 5. Nf3 Bg7 6. Nc3 Nf4 7. d4 Nc6 8. g3 cxd4
9. Nxd4 Qb6 10. Na4 Qa5+ 11. Bc3 Qd5 12. Nf3 Qe4+ 13. Be2 Nd5 14. O-O Nxc3 15.
Nxc3 Qb4 16. Nd5 Qa5 17. Bc4 e6 18. Nf6+ Bxf6 19. exf6 d5 20. Bd3 Qc3 21. Re1
a6 22. Bf1 O-O 23. h4 Qxf6 24. c4 dxc4 25. Bxc4 e5 26. Ng5 Nd4 27. Re3 Bf5 28.
Rc1 h6 29. Nxf7 Rxf7 30. Bxf7+ Qxf7 31. Rc5 Rd8 32. Rcxe5 Nc6 33. Qxd8+ Nxd8 34.
Re8+ Kg7 35. R8e7 Bd7 36. Rxf7+ Kxf7 37. Rd3 Ke7 38. f3 Ne6 39. Kf2 Bc6 40. Ke3
Kf6 41. Rc3 Ke5 1/2-1/2

[Event "Druzynowe Mistrzostwa Polski - II liga"]
[Site "Sypniewo k. Jastrowia"]
[Date "1899-12-30"]
[Round "4.11"]
[White "Rosicki, Marcin"]
[Black "Chaczynski, Kamil"]
[Result "0-1"]
[WhiteTitle "I++"]
[BlackTitle "I++"]
[WhiteElo "2009"]
[BlackElo "2047"]

1. e4 e6 2. d4 d5 3. e5 c5 4. c3 Nc6 5. Nf3 Qb6 6. a3 c4 7. Nbd2 Na5 8. Be2 Bd7
9. O-O O-O-O 10. Rb1 Qc7 11. Qe1 Ba4 12. Bd1 Bxd1 13. Qxd1 Ne7 14. b3 cxb3 15.
Nxb3 Nxb3 16. Qxb3 Nc6 17. Be3 Na5 18. Qa4 Kb8 19. Rfc1 Nc4 20. Nd2 Rc8 21. Nxc4
Qxc4 22. Qd7 Qc7 23. Qa4 Qc4 24. Qd7 Qc7 25. Qa4 Qc6 26. Qa5 b6 27. c4 dxc4 28.
d5 Qxd5 0-1

[Event "Druzynowe Mistrzostwa Polski - II liga"]
[Site "Sypniewo k. Jastrowia"]
[Date "1899-12-30"]
[Round "4.12"]
[White "Filipska, Maja"]
[Black "Pluta, Natalia"]
[Result "1/2-1/2"]
[WhiteTitle "I++"]
[BlackTitle "I++"]
[WhiteElo "1886"]
[BlackElo "1832"]

1. e4 c5 2. Nf3 Nc6 3. d4 cxd4 4. Nxd4 Nf6 5. Nc3 d6 6. f3 e5 7. Ndb5 a6 8. Na3
b5 9. Nd5 Nxd5 10. Qxd5 Bb7 11. Be3 Be7 12. Be2 O-O 13. Qd2 d5 14. exd5 Nb4 15.
d6 Qxd6 16. Qxd6 Bxd6 17. Bf2 Rac8 18. c3 Nd5 19. Nc2 Nf4 20. Rd1 Rfd8 21. Bb6
Rd7 22. Ne3 Bc6 23. Nf5 Bf8 24. Kf2 Nd5 25. Be3 Rcd8 26. c4 Nxe3 27. Nxe3 Bc5
28. cxb5 axb5 29. Rxd7 Rxd7 30. Rd1 Rxd1 31. Bxd1 Kf8 32. Ke2 Ke7 33. Bb3 g6 34.
Nd5+ Kd6 35. Nf6 Ke7 36. Bd5 Kxf6 37. Bxc6 b4 38. Kd3 Ke6 39. Kc4 Bd6 40. Bd5+
Ke7 41. g4 h5 42. g5 h4 43. h3 f6 44. Be4 fxg5 45. Bxg6 Ke6 46. Bh7 Be7 47. Be4
Bf8 48. Kb3 Bc5 49. a3 bxa3 50. bxa3 Kd6 51. a4 Kc7 52. Kc4 Be3 53. Kb5 Kb8 54.
Ka6 1/2-1/2

[Event "Druzynowe Mistrzostwa Polski - II liga"]
[Site "Sypniewo k. Jastrowia"]
[Date "1899-12-30"]
[Round "4.13"]
[White "Bebel, Arkadiusz"]
[Black "Nowak, Kamil"]
[Result "1-0"]
[WhiteTitle "FM"]
[BlackTitle "m"]
[WhiteElo "2294"]
[BlackElo "2318"]

1. Nf3 d5 2. g3 Nf6 3. Bg2 c6 4. O-O Bg4 5. h3 Bh5 6. d3 Nbd7 7. c4 e6 8. cxd5
exd5 9. e4 dxe4 10. dxe4 Bc5 11. Qc2 O-O 12. Nh4 Bb6 13. Nc3 Nc5 14. Kh2 Ne6 15.
f4 Nd4 16. Qa4 Ne2 17. Qc4 Nxc3 18. bxc3 Re8 19. a4 h6 20. Ra2 Rc8 21. Re1 Kh8
22. Rd2 Qe7 23. Nf5 Qc5 24. Qxc5 Bxc5 25. Nd6 Bxd6 26. Rxd6 Bg6 27. e5 Nd5 28.
g4 Bc2 29. a5 Rcd8 30. Rxd8 Rxd8 31. c4 Nb4 32. Be3 a6 33. Re2 Bd1 34. Rb2 Nc2
35. Bf2 Rd2 36. Kg1 Rd7 37. f5 Kg8 38. Bc5 Nd4 39. Bxd4 Rxd4 40. Rxb7 Rxc4 41.
Rb8+ Kh7 42. e6 fxe6 43. fxe6 Rc1 44. e7 Bxg4+ 45. Kh2 Bd7 46. Rd8 Rd1 47. Rxd7
1-0

[Event "Druzynowe Mistrzostwa Polski - II liga"]
[Site "Sypniewo k. Jastrowia"]
[Date "1899-12-30"]
[Round "4.14"]
[White "Daniel, Damian"]
[Black "Sowul, Bartosz"]
[Result "0-1"]
[WhiteTitle "CM"]
[BlackTitle "k+"]
[WhiteElo "2165"]
[BlackElo "2248"]

1. d4 Nf6 2. c4 c5 3. d5 b5 4. Qc2 b4 5. e4 d6 6. Bd3 g6 7. f4 Bg7 8. h3 O-O 9.
Nf3 Nbd7 10. O-O Nh5 11. g4 Nhf6 12. Re1 e5 13. f5 a5 14. Bg5 Qb6 15. Qg2 Ba6
16. Nh4 Rfe8 17. Nd2 a4 18. Rf1 Qd8 19. Qg3 Rf8 20. Rf2 h6 21. Be3 g5 22. Nhf3
Nh7 23. h4 f6 24. Rh2 Rf7 25. Kg2 Kf8 26. Rah1 Ke7 27. hxg5 Nxg5 28. Rxh6 Bxh6
29. Rxh6 Nxf3 30. Nxf3 Qg8 31. g5 Kd8 32. Kf2 Kc7 33. g6 Rg7 34. Qh4 Qd8 35. Be2
Qe7 36. Nh2 Nb6 37. b3 Bb7 38. Ng4 Nd7 39. Bd1 axb3 40. Bxb3 Kb6 41. Rh8 Rgg8
42. Rh7 Rg7 43. Rxg7 Qxg7 44. Qh6 Qe7 45. Ke2 Ka5 46. Bf2 Rg8 47. Bh4 Bc8 48.
Qh7 Qxh7 49. gxh7 Rh8 50. Nxf6 Nxf6 51. Bxf6 Rxh7 52. Bd8+ Ka6 53. f6 Bg4+ 54.
Ke1 Kb7 55. Ba4 Kc8 56. Be7 Bd7 57. Bd1 Kc7 58. Bf8 Be8 59. Bb3 Bg6 60. Bg7 Rh4
61. Bc2 Rh3 62. Kd2 Rh2+ 63. Kc1 Rf2 64. Kb1 Be8 65. Kc1 Kb6 66. Kb1 Ka5 67. Bf8
Rxf6 68. Be7 Rh6 69. Kc1 Kb6 0-1

[Event "Druzynowe Mistrzostwa Polski - II liga"]
[Site "Sypniewo k. Jastrowia"]
[Date "1899-12-30"]
[Round "4.15"]
[White "Solnicki, Michal"]
[Black "Stankiewicz, Pawel"]
[Result "1/2-1/2"]
[WhiteTitle "k"]
[BlackTitle "k"]
[WhiteElo "2166"]
[BlackElo "2104"]

1. d4 Nf6 2. g3 g6 3. Bg2 Bg7 4. e4 d6 5. Ne2 O-O 6. O-O c5 7. h3 Nc6 8. d5 Na5
9. Nbc3 a6 10. a4 Rb8 11. g4 b5 12. axb5 axb5 13. Ng3 Qb6 14. Nce2 Nd7 15. Ra2
b4 16. b3 c4 17. Be3 Nc5 18. Nc1 Ba6 19. Nge2 Rfc8 20. Re1 Ra8 21. Nd4 Qc7 22.
h4 Bb7 23. h5 e6 24. hxg6 hxg6 25. dxe6 Nxe6 26. Nxe6 fxe6 27. Ne2 Qe7 28. Bd4
Bxd4 29. Nxd4 e5 30. Nb5 cxb3 31. cxb3 Bc6 32. Nxd6 Rd8 33. Rd2 Kg7 34. Re3 Nb7
35. Red3 Nxd6 36. Rxd6 Rxd6 37. Rxd6 Rc8 38. Bf1 Rc7 39. f3 Rd7 40. Rxd7 Qxd7
41. Qa1 Qe7 42. Qa5 Kh6 43. Qb6 Be8 44. Kg2 Kg7 45. Bc4 Kh6 46. Bd5 Kg7 47. Kg3
Kh6 48. Bc4 Qf8 49. Qe3+ g5 50. Qb6+ Bg6 51. Kg2 Qe7 52. Kf2 Qf8 53. Ke2 Qf4 54.
Bd5 Qh2+ 55. Kd3 Qg2 56. Qe3 Qf1+ 57. Kc2 Qg2+ 58. Kd1 Qf1+ 59. Kd2 Qg2+ 1/2-1/2

[Event "Druzynowe Mistrzostwa Polski - II liga"]
[Site "Sypniewo k. Jastrowia"]
[Date "1899-12-30"]
[Round "4.16"]
[White "Rychlik, Hanna"]
[Black "Zysko, Jan"]
[Result "1/2-1/2"]
[WhiteTitle "k"]
[BlackTitle "k"]
[WhiteElo "2040"]
[BlackElo "2080"]

1. d4 d5 2. Nf3 Nf6 3. g3 c6 4. Bg2 Bf5 5. O-O e6 6. c4 Nbd7 7. cxd5 exd5 8. Nc3
Be7 9. Bf4 O-O 10. Rc1 Re8 11. Ne5 Bf8 12. Nxd7 Qxd7 13. Re1 Ne4 14. f3 Nd6 15.
e4 dxe4 16. fxe4 Bh3 17. Bf3 Rad8 18. Qb3 Be6 19. d5 cxd5 20. exd5 Bg4 21. Bg2
h6 22. Bxd6 Bxd6 23. Ne4 Be5 24. Qb4 Bf5 25. Nf2 Bd6 26. Qd4 b6 27. a3 Qb5 28.
b4 Qa4 29. Qb2 a5 30. Be4 Be5 31. Qc2 Qxc2 32. Rxc2 Bxe4 33. Rxe4 Rxd5 34. Rc6
axb4 35. axb4 Rb5 36. Nd3 f6 37. Kg2 Kf7 38. Kf3 Rd8 39. Ke3 Bd6 40. Rd4 Re8+
41. Kd2 Bf8 42. Kc3 Rb8 43. Rd7+ Kg8 44. h4 Rf5 45. Nf4 b5 1/2-1/2

[Event "Druzynowe Mistrzostwa Polski - II liga"]
[Site "Sypniewo k. Jastrowia"]
[Date "1899-12-30"]
[Round "4.17"]
[White "Chrzaszcz, Malvina"]
[Black "Reichel, Lukasz"]
[Result "1-0"]
[WhiteTitle "k+"]
[BlackTitle "I"]
[WhiteElo "1996"]
[BlackElo "1760"]

1. e4 c5 2. Nf3 d6 3. d4 cxd4 4. Nxd4 Nf6 5. Nc3 a6 6. Qd3 g6 7. Bg5 Nbd7 8. O-O-O
Bg7 9. f4 Qc7 10. Be2 h6 11. Bh4 e5 12. Ndb5 axb5 13. Nxb5 Qc5 14. Nxd6+ Ke7 15.
Qb3 Rf8 16. Rd5 Qb6 17. Nxc8+ Rfxc8 18. Rxd7+ Kxd7 19. Qxb6 Rxa2 20. Qxb7+ Rc7
21. Rd1+ 1-0

[Event "Druzynowe Mistrzostwa Polski - II liga"]
[Site "Sypniewo k. Jastrowia"]
[Date "1899-12-30"]
[Round "4.18"]
[White "Czaplewska, Klara"]
[Black "Gluszko, Monika"]
[Result "1-0"]
[WhiteTitle "k+"]
[BlackTitle "k"]
[WhiteElo "1863"]
[BlackElo "1916"]

1. d4 Nf6 2. g3 g6 3. Bg2 d5 4. Nf3 Bg7 5. O-O O-O 6. b3 c5 7. Bb2 Ne4 8. Nbd2
Nc6 9. e3 cxd4 10. Nxd4 Nxd4 11. Bxd4 Bxd4 12. exd4 Nc3 13. Qe1 Bg4 14. Qe3 Rc8
15. Rfe1 Re8 16. Nf3 Bf5 17. Qh6 f6 18. Nh4 Bxc2 19. Bh3 e5 20. Bxc8 Qxc8 21.
dxe5 fxe5 22. Qd2 Bf5 23. Rac1 d4 24. Nf3 Be4 25. Rxe4 Qf5 26. Rxe5 Rxe5 27. Nxe5
Qxe5 28. Re1 Qd5 29. Qf4 Qd8 30. Qe5 b5 31. a3 a5 32. Qc5 Qf6 33. Re7 Qf5 34.
Qxd4 Qf8 1-0

[Event "Druzynowe Mistrzostwa Polski - II liga"]
[Site "Sypniewo k. Jastrowia"]
[Date "1899-12-30"]
[Round "4.19"]
[White "Golenia, Jan"]
[Black "Murdzia, Piotr"]
[Result "0-1"]
[WhiteTitle "I++"]
[BlackTitle "IM"]
[WhiteElo "2122"]
[BlackElo "2425"]

1. d4 Nf6 2. c4 c5 3. d5 e6 4. Nc3 exd5 5. cxd5 d6 6. e4 g6 7. h3 Bg7 8. Nf3 O-O
9. Bd3 a6 10. a4 Nbd7 11. O-O Nh5 12. Bg5 Bf6 13. Be3 Re8 14. Nd2 Bg7 15. Be2
Nhf6 16. Qc2 Rb8 17. a5 Qe7 18. Rfe1 Qf8 19. Bf4 Ne5 20. Bh2 g5 21. Bxe5 Rxe5
22. Nf3 Qe7 23. Nxe5 Qxe5 24. Qd3 b5 25. axb6 Rxb6 26. Ra2 Rb4 27. Bf1 g4 28.
Qg3 Qxg3 29. fxg3 Nh5 30. Be2 Bd4+ 31. Kh2 Be5 32. Kg1 Bd4+ 33. Kh2 Be5 34. Kg1
Bxg3 35. Rf1 Be5 36. Bxg4 Bd4+ 37. Kh2 Be5+ 38. Kg1 Bxg4 39. hxg4 Bd4+ 40. Kh2
Be5+ 41. Kg1 Nf6 42. g5 Ng4 43. Rf3 Bd4+ 44. Kf1 Ne5 45. Ke2 Kg7 46. Rh3 Ng6 47.
Rf3 a5 48. Nd1 Be5 49. Nc3 Nf4+ 50. Kf1 a4 51. Kf2 Ng6 52. Kf1 Nf4 53. g3 Nh3
54. Rf5 Kg6 55. Rxa4 Nxg5 56. Rxb4 cxb4 57. Ne2 Nxe4 58. g4 b3 59. Nf4+ Kg7 60.
Nh5+ Kf8 61. Ke2 Bxb2 62. Rf4 Nc3+ 63. Kd3 Nxd5 64. Rf1 Be5 65. g5 b2 66. Rh1
Nc3 0-1

[Event "Druzynowe Mistrzostwa Polski - II liga"]
[Site "Sypniewo k. Jastrowia"]
[Date "1899-12-30"]
[Round "4.20"]
[White "Brzezinski, Mateusz"]
[Black "Golenia, Wojciech"]
[Result "1/2-1/2"]
[WhiteTitle "k"]
[BlackTitle "k"]
[WhiteElo "2189"]
[BlackElo "2049"]

1. d4 Nf6 2. c4 e6 3. Nf3 b6 4. Nc3 Bb4 5. Bg5 h6 6. Bh4 Bb7 7. Nd2 c5 8. a3 Bxc3
9. bxc3 d6 10. e4 Nbd7 11. d5 e5 12. Bd3 O-O 13. a4 a5 14. g4 g5 15. Bg3 Kg7 16.
Nf1 Ng8 17. h4 Ne7 18. Ne3 Rh8 19. Kd2 f6 20. Rb1 Qe8 21. f3 Qg6 22. Qe2 Rh7 23.
Bf2 Rah8 24. Kc2 Qe8 25. Kb3 Bc8 26. Ka3 Qd8 27. Qb2 Ba6 28. Rh2 Qe8 29. Rbh1
Kg8 30. Qb1 Qd8 31. Be1 Nf8 32. Rb2 Nd7 33. Nf1 Ng6 34. Ne3 Ne7 35. Bd2 Kf7 36.
Bc1 Kg8 37. Rbh2 Nf8 38. Rb2 Nd7 39. Rg2 Nf8 40. Be2 Nfg6 41. Nf5 Kf7 42. h5 1/2-1/2

[Event "Druzynowe Mistrzostwa Polski - II liga"]
[Site "Sypniewo k. Jastrowia"]
[Date "1899-12-30"]
[Round "4.21"]
[White "Krawczyk, Wojciech"]
[Black "Kujawski, Adam"]
[Result "1-0"]
[WhiteTitle "I++"]
[BlackTitle "FM"]
[WhiteElo "2049"]
[BlackElo "2239"]

1. d4 Nf6 2. c4 e6 3. Nf3 c5 4. d5 exd5 5. cxd5 d6 6. Nc3 g6 7. Nd2 Nbd7 8. e4
Bg7 9. Be2 O-O 10. O-O Re8 11. Qc2 Nh5 12. Bxh5 gxh5 13. Nc4 Ne5 14. Ne3 Qh4 15.
Ne2 f5 16. exf5 Bd7 17. Ng3 Ba4 18. Qe2 Ng4 19. h3 Nf6 20. Qf3 Bb5 21. Rd1 Ba4
22. b3 Ne4 23. Nxe4 Qxe4 24. Qxe4 Rxe4 25. Rb1 Bb5 26. Bb2 Bh6 27. Nf1 Be2 28.
Ng3 Bxd1 29. Nxe4 Bc2 30. Re1 Rd8 31. Nf6+ Kf7 32. Nxh5 Bxf5 33. g4 Bg6 34. Ng3
b5 35. Re6 Bd2 36. Ne4 Bxe4 37. Rxe4 Rc8 38. Re2 Ba5 39. a3 c4 40. Rc2 c3 41.
Bc1 b4 42. axb4 Bxb4 43. Be3 Rb8 44. Bxa7 Rb5 45. Kf1 Rxd5 46. Ke2 Ba5 47. Ke3
Rb5 48. Bd4 Rxb3 49. Kd3 Ke6 50. Bxc3 d5 51. f4 Kd6 52. f5 Bb4 53. f6 Ke6 54.
g5 Kf7 55. Kd4 Bxc3+ 56. Rxc3 Rb5 57. Rc7+ Ke6 58. Re7+ Kf5 59. f7 1-0

[Event "Druzynowe Mistrzostwa Polski - II liga"]
[Site "Sypniewo k. Jastrowia"]
[Date "1899-12-30"]
[Round "4.22"]
[White "Robak, Zbigniew"]
[Black "Gawor, Jan Pawel"]
[Result "1/2-1/2"]
[WhiteTitle "m"]
[BlackTitle "I+"]
[WhiteElo "2217"]
[BlackElo "1890"]

1. e4 e5 2. Nf3 Nf6 3. d4 Nxe4 4. Bd3 d5 5. Nxe5 Nd7 6. Nc3 Nxe5 7. dxe5 Nxc3 8.
bxc3 Bc5 9. Qh5 Be6 10. Rb1 Rb8 11. O-O Qd7 12. Kh1 g6 13. Qh6 Bf8 14. Qe3 Be7
15. Qxa7 O-O 16. Bh6 Rfc8 17. Rxb7 Ra8 18. Qd4 Rxa2 19. f4 Bf8 20. Bxf8 Kxf8 21.
Kg1 c5 22. Rxd7 cxd4 23. Rb7 Rxc3 24. f5 Bxf5 1/2-1/2